00398nam a2200121Ia 4500008004100000245013700041260001700178260000900195300000800204650002300212650001200235856002900247170516s9999 xx 000 0 und d aChitosan/siRNA Nanoparticles Targeting Cyclooxygenase Type 2 Attenuate Unilateral Ureteral Obstruction-induced Kidney Injury in Mice bTheranostics c2015 a5:2 xMedical Technology xMedtech uhttp://www.thno.org/v5i2